000 00635nam a22001577a 4500
005 20120317160437.0
020 _a8120803884
_c00.00
035 _aA-415654
037 _aDPL
_bENG
100 _aChattopadhyaya, D.P.
_943891
245 _aSri Aurobindo and Karl Marx :
_bIntegral sociology and dialectical sociology /
_cby D.P. Chattopadhyaya
260 _aDelhi
_bMotilal Banarsidass
_c1988
300 _axx, 336p.
_c22 cms.
942 _2ddc
_cEN
_h181.499
_mCHA
999 _c64107
_d64107